Wörter die es in einer anderen Sprache auch gibt - Statistiken

Allgemein
  • Dieses Quiz wurde 150 mal gespielt
  • Das Durchschnittsergebnis liegt bei 9 aus 30
Antwortstatistiken
Hinweis Antwort % Korrekt
Kann z.B. von Schlangen produziert werden oder man bekommt es zu Weihnachten. Gift
91%
Englisch/Deutsch
71%
Bedeuet auf vielen europäischen Sprachen nein. No
64%
Es wird von einem Vogel gelegt, ist es ein Teil vom Gesicht oder ein sehr schönes Gefühl? Ei/Eye/Ai
53%
Englisch/Italienisch/Spanisch/Katalanisch
52%
Sagt man, wenn man zustimmt. Ja/Ya
50%
Deutsch/Englisch/Japanisch
45%
Englisch/Deutsch
40%
Ist es ein hartes Material oder eine Kleidung für Mädchen? Rock
40%
Eine begrüßung. Hallo/Halo
39%
Deutsch/Niderländisch/Norwegisch/Schwedisch/Dänisch/Malaysisch
33%
Deutsch/Indonesisch/Javanesisch
30%
Bedeutet auf deusch Los! oder ist es doch eine Zahl? Go
30%
Englisch/Japanisch
29%
Man schneidet etwas aus oder ist es ein Haustier? Cut/Kat
27%
Englisch/Japanisch
27%
Ist es ein Schlüssel oder ein Baum? Key/Ki
26%
Wenn man will, dass jemand sterben soll, sagt man ein bestimmtes Wort zu ihm oder man muss zimlich hoch schauen, wenn man mit dieser Person redet. Die/Dai
25%
Englisch/Japanisch
23%
Englisch/Niederländisch
23%
Ist es lang oder ein Drache? Long
17%
Englisch/Chinesisch
16%
Japanisch/Chinesisch/Vietnamesisch/Thailändisch
12%
Spanisch/Japanisch
9%
Bedeutet auf vielen asiatischen Sprachen Drei. San/Sam
6%
Japanisch/Türkisch
5%
Russisch/Polnisch
2%
Bedeutet Gut auf deutsch. Ii/Iyi
1%
Bedeutet Katze Kot
1%
Ist es ein Mädchen oder einfach nur ein Name? Chika
0%
Keine übereinstimmenden Quizze gefunden
Verteilung der Resultate
Anzahl Personen mit jedem Resultat
Perzentil nach korrekt beantworteten Fragen
Ihre Resultats-Entwicklung
Sie haben dieses Quiz noch nicht gespielt